| 000 | 00506nam a22001937a 4500 | ||
|---|---|---|---|
| 003 | CEME | ||
| 005 | 20210628203054.0 | ||
| 008 | 210201b xxu||||| |||| 00| 0 eng d | ||
| 020 | _a0872638499 | ||
| 040 | _c. | ||
| 082 | _a658.4013 MIK | ||
| 100 |
_aMika, Geoffrey _963158 |
||
| 245 | _aKaizen event implementation manual | ||
| 250 | _a5TH | ||
| 260 |
_aUSA _bSOCIETY OF MANUFACTURING ENGINEERS _c2006 |
||
| 300 | _aX,228P | ||
| 650 |
_aKAIZEN EVENT IMPLEMENTATION MANUAL _963159 |
||
| 942 |
_cBK _2ddc |
||
| 999 |
_c572069 _d572069 |
||